Vlaková brzda DAKO /

Uložené v:
Podrobná bibliografia
Hlavní autori: Fořt, Bohumil (Author), Kučera, Vladimír (Author)
Médium: Kniha
Jazyk:Slovak
Vydané: Praha : Nadas, 1972.
Vydanie:4. uprav. vyd.
ISBN: (brož.)
Fyzický popis: 63 s. + : 6 obraz. na príl.
Tagy: Pridať tag
Žiadne tagy, Buďte prvý kto otaguje tento záznam!

MARC

LEADER 00000nam a2200000 a 4500
001 000171845
005 20091021154025.0
008 040101s1972 xo e slo d
020 |a (brož.) 
040 |a SVKKK  |b slo  |c SVKKK  |e AACR2 
041 0 |a slo 
044 |a xo  |c SK 
100 1 |a Fořt, Bohumil  |4 aut 
245 1 0 |a Vlaková brzda DAKO /  |c Bohumil Fořt, Vladimír Kučera. 
250 |a 4. uprav. vyd. 
260 |a Praha :  |b Nadas,  |c 1972. 
300 |a 63 s. + :  |b 6 obraz. na príl. 
700 1 |a Kučera, Vladimír  |4 aut 
910 |a svkkk 
998 |a BK 
090 |g SCKHL  |k Sklad Pribinova 2. posch.  |a II.195347  |j 476852  |i 2720868511  |s Absenčne